000 00536nam a22002057a 4500
001 00028738
005 20260409145834.0
008 260409b ag ||||| |||| 00| 0 spa d
020 _a9789870435884
040 _bspa
_cAR-CcCEOS
080 _a75
090 _bHER
100 1 _aHerrera, María José
_91039
245 _aPintores Argentinos :
_bPérez Celis /
_cMaría José Herrera
250 _a1a ed.
260 _aBuenos Aires :
_bAguilar,
_c2014.
300 _a32 p. ;
_c30x24 cm.
650 0 _apintores
942 _2udc
_cBK
999 _c28773
_d28773
945 _a66467
_bMelina Rolando
_c66467
_dMelina Rolando